Po' Li'l Quiz Stats

 Plays Quiz Updated Aug 21, 2012

Also try: Ends in 'GUE'
Challenge
Share
Tweet
Embed
Score 0/20 Timer 04:00
0 Plays Today
Clue Thing ending in 'PO' % Correct
Surgery for removing fat, for shortlipo
89.4%
When the bank takes back your carrepo
85.7%
The pace of a musical piecetempo
79.9%
Large herbivorous African river animal, for shorthippo
79.1%
Major manufacturer of lighters or slang for nothingZippo
73.9%
The red Teletubby or Italian riverPo
72.9%
Name of Oprah's production companyHarpo
71.9%
Law enforcing group in Nazi GermanyGestapo
68%
A public show or event, like the 1967 World's FairExpo
67.8%
Inexpensive or of inferior qualitycheapo
58.2%
Clue Thing ending in 'PO' % Correct
Dog food brand owned by NestléAlpo
57.1%
Thsi clue, for exampletypo
56.9%
A short name for an injection syringehypo
47.4%
The hardly noticeable Marx BrotherZeppo
34.7%
The first issue of a company's stockIPO
34.6%
Comedian and former SNLer JoePiscopo
27.8%
The head of a branch of a crime syndicatecapo
26.3%
Natty of 'The Last of the Mohicans'Bumppo
17.9%
The largest city in SyriaAleppo
15.2%
1950 MLB AL Rookie of the Year Walt 'Moose'Dropo
4.6%

You're not logged in!

Compare scores with friends on all Sporcle quizzes.
OR
Log In

You Might Also Like...

Show Comments

Extras

Top Quizzes Today


Score Distribution

Your Account Isn't Verified!

In order to create a playlist on Sporcle, you need to verify the email address you used during registration. Go to your Sporcle Settings to finish the process.

Report this User

Report this user for behavior that violates our Community Guidelines.

Details: